[Event "GER North-ch U14"]
[Site "Langeoog"]
[Date "2001.10.02"]
[Round "5.9"]
[White "Mossafer, Golam Reza"]
[Black "Stasch, Oliver"]
[Result "1-0"]
[WhiteElo "1267"]
[BlackElo "1014"]
[PlyCount "43"]
[EventDate "2001.10.??"]
[EventType "swiss"]
[EventRounds "5"]
[EventCountry "GER"]
[SourceTitle "EXT 2003"]
[Source "ChessBase"]
[SourceDate "2002.11.25"]
[SourceVersion "1"]
[SourceVersionDate "2002.11.25"]
[SourceQuality "1"]

1. e4 e5 2. Nf3 Nc6 3. d4 exd4 4. Nxd4 Nxd4 5. Qxd4 d6 6. Nc3 Nf6 7. Bg5 Be7 8. Bc4 h6 9. Bh4 Be6 10. Bxe6 fxe6 11. e5 Nd7 12. Bxe7 Qxe7 13. exd6 cxd6 14. Nb5 Qf6 15. Qxf6 Nxf6 16. Nc7+ Kd7 17. Nxa8 Rxa8 18. 0-0-0 Ne4 19. Rhf1 Rf8 20. f3 Nf6 21. Rd3 Nd5 22. Rfd1 1-0